[Event "Pereira Fiestas de la Cosecha op"]
[Site "Pereira"]
[Date "2023.08.25"]
[Round "2"]
[White "Sanchez, Carlos Andres"]
[Black "Chica Londono, Daniel"]
[Result "1/2-1/2"]
[WhiteElo "1594"]
[BlackElo "1321"]
[PlyCount "86"]
[EventDate "2023.08.24"]
[EventType "swiss"]
[EventRounds "7"]
[EventCountry "COL"]
[SourceTitle "EXT 2024"]
[Source "ChessBase"]
[SourceDate "2023.10.10"]
[SourceVersion "1"]
[SourceVersionDate "2023.10.10"]
[SourceQuality "1"]

1. e4 c6 2. c4 d5 3. exd5 cxd5 4. cxd5 Nf6 5. Qa4+ Bd7 6. Qb3 Qc7 7. Nc3 e6 8. dxe6 Bxe6 9. Qa4+ Bd7 10. Bb5 a6 11. Bxd7+ Qxd7 12. Qxd7+ Kxd7 13. Nf3 Nc6 14. a3 Bc5 15. 0-0 Rhe8 16. d4 Bd6 17. Be3 Na5 18. Rfe1 Nc4 19. b3 Nxa3 20. Na4 Nd5 21. Rac1 Rac8 22. Nc5+ Bxc5 23. dxc5 Nb5 24. Red1 Kc6 25. Bd4 f6 26. Kf1 Re4 27. Bb2 Rce8 28. Nd2 Rf4 29. Nc4 Ne3+ 30. Nxe3 Rxe3 31. g3 Rff3 32. b4 Rb3 33. Ke2 Nc3+ 34. Bxc3 Rfxc3 35. Rxc3 Rxc3 36. Rd6+ Kc7 37. Kd2 Rc4 38. Rb6 a5 39. Kd3 Rxb4 40. Rxb4 axb4 41. Kc4 Kc6 42. Kxb4 b6 43. cxb6 Kxb6 1/2-1/2

[Event "Pereira Fiestas de la Cosecha"]
[Site "Pereira"]
[Date "2022.08.28"]
[Round "9"]
[White "Sanchez, Carlos Andres"]
[Black "Cano Alcaraz, Juan Jose"]
[Result "0-1"]
[WhiteElo "1630"]
[BlackElo "1292"]
[PlyCount "32"]
[EventDate "2022.08.24"]
[EventType "swiss"]
[EventRounds "10"]
[EventCountry "COL"]
[SourceTitle "CBM 210 Extra"]
[Source "ChessBase"]
[SourceDate "2022.11.30"]
[SourceVersion "1"]
[SourceVersionDate "2022.11.30"]
[SourceQuality "1"]

1. e4 e5 2. Nf3 Nc6 3. Bc4 Bc5 4. c3 d6 5. d3 Nf6 6. Nbd2 Ne7 7. Nf1 Ng6 8. Bb3 Ng4 9. Be3 Nxe3 10. Nxe3 Bd7 11. 0-0 Qe7 12. Nd5 Qd8 13. d4 exd4 14. cxd4 Bb6 15. e5 dxe5 16. Re1 0-0 0-1

[Event "Pereira Fiestas de la Cosecha"]
[Site "Pereira"]
[Date "2022.08.26"]
[Round "5"]
[White "Lopez Ramirez, Jorge Hernan"]
[Black "Sanchez, Carlos Andres"]
[Result "1-0"]
[WhiteElo "1867"]
[BlackElo "1630"]
[PlyCount "71"]
[EventDate "2022.08.24"]
[EventType "swiss"]
[EventRounds "10"]
[EventCountry "COL"]
[SourceTitle "CBM 210 Extra"]
[Source "ChessBase"]
[SourceDate "2022.11.30"]
[SourceVersion "1"]
[SourceVersionDate "2022.11.30"]
[SourceQuality "1"]

1. e4 c5 2. Nf3 g6 3. d4 Bg7 4. dxc5 Qa5+ 5. Bd2 Qxc5 6. Nc3 Nf6 7. Bd3 d6 8. h3 0-0 9. b4 Qc7 10. 0-0 Nc6 11. Rb1 Be6 12. a4 Nd7 13. Ng5 Nd4 14. Nd5 Bxd5 15. exd5 h6 16. Ne4 e6 17. dxe6 Nxe6 18. f4 d5 19. Ng3 f5 20. Rc1 Nb6 21. Qf3 Nd4 22. Qf2 Nxa4 23. c3 Nb3 24. Bb5 Nxd2 25. Bxa4 Nxf1 26. Nxf1 Qb6 27. Qxb6 axb6 28. Bb3 Rfd8 29. Ne3 Kf8 30. Bxd5 Ra3 31. Bxb7 Bxc3 32. Nd5 Bd4+ 33. Kh1 Rd3 34. Nc7 Be3 35. Rc4 Bxf4 36. Rxf4 1-0

[Event "COL-ch U1700"]
[Site "Pereira"]
[Date "2022.02.20"]
[Round "9"]
[White "Abreu Balza, Alan Jeremias"]
[Black "Sanchez, Carlos Andres"]
[Result "1-0"]
[WhiteElo "1523"]
[BlackElo "1659"]
[PlyCount "77"]
[EventDate "2022.02.16"]
[EventType "swiss"]
[EventRounds "9"]
[EventCountry "COL"]
[SourceTitle "CBM 207 Extra"]
[Source "ChessBase"]
[SourceDate "2022.05.31"]
[SourceVersion "1"]
[SourceVersionDate "2022.05.31"]
[SourceQuality "1"]

1. e4 c5 2. Nf3 Nc6 3. Nc3 e6 4. b3 a6 5. Bb2 Nf6 6. Bd3 Be7 7. 0-0 0-0 8. e5 Ng4 9. Qe2 d6 10. Qe4 f5 11. exf6 Nxf6 12. Qe2 Nb4 13. Ng5 e5 14. Rae1 Nxd3 15. Qxd3 h6 16. Nge4 Nxe4 17. Qxe4 Rf4 18. Qd5+ Kh8 19. Ne2 Rf6 20. f4 Qb6 21. fxe5 Be6 22. Qd3 c4+ 23. Qd4 Qxd4+ 24. Nxd4 Rg6 25. exd6 Bf6 26. Rxf6 Rxf6 27. Nxe6 Rf7 28. Bxg7+ Rxg7 29. Nxg7 Kxg7 30. Re7+ Kf8 31. Rxb7 cxb3 32. axb3 a5 33. c4 a4 34. bxa4 Ke8 35. c5 Rxa4 36. c6 Ra8 37. Rh7 Ra6 38. c7 Rc6 39. d7+ 1-0

[Event "Pan American IBCA-ch 7th"]
[Site "San Luis"]
[Date "2018.11.06"]
[Round "6.7"]
[White "Perrone, Gabriel"]
[Black "Sanchez, Carlos Andres"]
[Result "0-1"]
[WhiteElo "1299"]
[BlackElo "1744"]
[PlyCount "108"]
[EventDate "2018.11.04"]
[EventType "swiss"]
[EventRounds "7"]
[EventCountry "ARG"]
[SourceTitle "EXT 2024"]
[Source "ChessBase"]
[SourceDate "2023.10.10"]
[SourceVersion "1"]
[SourceVersionDate "2023.10.10"]
[SourceQuality "1"]

1. d4 Nf6 2. c4 e6 3. Nf3 b6 4. Bf4 Ba6 5. e3 Bb4+ 6. Nbd2 0-0 7. Bd3 d5 8. a3 Be7 9. 0-0 c6 10. Qe2 Re8 11. Rac1 Bd6 12. Bxd6 Qxd6 13. c5 Bxd3 14. Qxd3 Qc7 15. b4 b5 16. Rfe1 a5 17. e4 axb4 18. axb4 h6 19. Qc3 dxe4 20. Nxe4 Nd5 21. Qd2 Ra4 22. Nc3 Nxc3 23. Qxc3 Nd7 24. Nd2 Nf6 25. Ne4 Nd5 26. Qd2 Rxb4 27. Nc3 Nxc3 28. Qxc3 Rc4 29. Qd2 Rxc1 30. Rxc1 Rd8 31. Qb2 Rd5 32. Re1 Qd8 33. Re4 Rxc5 34. g3 Rc4 35. Kg2 Qd5 36. f3 f5 37. Re5 Qxd4 38. Qxd4 Rxd4 39. Rxe6 c5 40. Re5 Rc4 41. Rxf5 b4 42. Kf2 b3 43. Re5 b2 44. Re8+ Kf7 45. Rb8 Rc2+ 46. Ke3 c4 47. Kd4 c3 48. Rb3 Rc1 49. Kd3 b1Q+ 50. Rxb1 Rxb1 51. Kxc3 Rd1 52. h4 h5 53. g4 hxg4 54. fxg4 g6 0-1

[Event "Pan American IBCA-ch 7th"]
[Site "San Luis"]
[Date "2018.11.05"]
[Round "3.1"]
[White "Sanchez, Carlos Andres"]
[Black "Figueroa Morales, Tomas"]
[Result "0-1"]
[WhiteElo "1744"]
[BlackElo "2105"]
[PlyCount "58"]
[EventDate "2018.11.04"]
[EventType "swiss"]
[EventRounds "7"]
[EventCountry "ARG"]
[SourceTitle "EXT 2024"]
[Source "ChessBase"]
[SourceDate "2023.10.10"]
[SourceVersion "1"]
[SourceVersionDate "2023.10.10"]
[SourceQuality "1"]

1. e4 e6 2. d4 d5 3. Nd2 Nc6 4. Ngf3 Nf6 5. exd5 exd5 6. Bb5 Bd6 7. 0-0 0-0 8. Re1 Bg4 9. c3 Ne7 10. Nf1 Ng6 11. Bg5 h6 12. Be3 Ne4 13. h3 Be6 14. N1d2 f5 15. Ne5 Bxe5 16. dxe5 f4 17. Bd4 Nxd2 18. Qxd2 Nh4 19. Kh2 Qg5 20. Rg1 Bxh3 21. Bf1 Be6 22. Qe2 f3 23. Qe3 fxg2 24. Qxg5 gxf1N+ 25. Raxf1 hxg5 26. Rg3 Rf3 27. Be3 g4 28. Bg5 Rxg3 29. fxg3 Nf3+ 0-1

[Event "Risarald op"]
[Site "Risarald"]
[Date "2015.06.15"]
[Round "6"]
[White "Puerta Rendon, Jacobo"]
[Black "Sanchez, Carlos Andres"]
[Result "0-1"]
[WhiteElo "1593"]
[BlackElo "1761"]
[PlyCount "78"]
[EventDate "2015.06.12"]
[EventType "swiss"]
[EventRounds "7"]
[EventCountry "COL"]
[SourceTitle "CBM 167 Extra"]
[Source "ChessBase"]
[SourceDate "2015.09.14"]
[SourceVersion "1"]
[SourceVersionDate "2015.09.14"]
[SourceQuality "1"]

1. e4 c5 2. Nf3 a6 3. c4 Nc6 4. Nc3 d6 5. Be2 Nf6 6. 0-0 e5 7. d3 Be7 8. Bg5 Be6 9. Bxf6 Bxf6 10. Nd5 Bxd5 11. cxd5 Nd4 12. Rc1 0-0 13. Nxd4 cxd4 14. Qb3 Qd7 15. h3 Bg5 16. Rc2 g6 17. Bg4 f5 18. exf5 gxf5 19. Bf3 Rac8 20. a3 Rxc2 21. Qxc2 Rc8 22. Qb3 Rc5 23. Re1 Bd2 24. Rd1 Bf4 25. g3 Bg5 26. Kg2 Qc7 27. h4 Bh6 28. Re1 Bd2 29. Rd1 Rb5 30. Qc4 Qxc4 31. dxc4 Rxb2 32. Bh5 Kf8 33. Be2 e4 34. a4 Be3 35. Kf1 d3 36. Ke1 Rxe2+ 37. Kf1 Rxf2+ 38. Ke1 d2+ 39. Rxd2 Rxd2 0-1

[Event "Dosquebrad op 1st"]
[Site "Dosquebrad"]
[Date "2013.12.11"]
[Round "1"]
[White "Lopez Idarraga, Daniel Eduardo"]
[Black "Sanchez, Carlos Andres"]
[Result "1-0"]
[WhiteElo "2084"]
[BlackElo "1790"]
[PlyCount "83"]
[EventDate "2013.12.11"]
[EventType "swiss"]
[EventRounds "9"]
[EventCountry "COL"]
[SourceTitle "CBM 158 Extra"]
[Source "ChessBase"]
[SourceDate "2014.02.28"]
[SourceVersion "1"]
[SourceVersionDate "2014.02.28"]
[SourceQuality "1"]

1. d4 d5 2. c4 c6 3. Nc3 Nf6 4. Nf3 e6 5. g3 Be7 6. Bg2 0-0 7. 0-0 Nbd7 8. Nd2 Bb4 9. e4 Bxc3 10. bxc3 dxe4 11. Nxe4 Nxe4 12. Bxe4 Nf6 13. Bg2 Qa5 14. Qb3 Rd8 15. Ba3 Qc7 16. Qb4 h6 17. Qe7 Ne8 18. Qf8+ Kh7 19. Be4+ f5 20. Bg2 Nd6 21. Bxd6 Qxd6 22. Qxd6 Rxd6 23. Rab1 Kg8 24. a4 Kf7 25. a5 a6 26. Rfe1 Rd7 27. Re5 Rc7 28. Rc5 Bd7 29. d5 Ke7 30. dxc6 Bxc6 31. Bxc6 bxc6 32. f4 Kd6 33. Re5 Re7 34. Kf2 Kc7 35. Rb6 Kd6 36. Ke3 g5 37. Kd4 g4 38. Re2 h5 39. c5+ Kd7 40. Ke5 Ra7 41. Rd2+ Kc7 42. Rd6 1-0